Planos urbanos (Registro nro. 25837)
[ vista simple ]
| 000 -CABECERA | |
|---|---|
| Longitud fija campo de control | 00695nam a22001937a 4500 |
| 003 - IDENTIFICADOR DELl NÚMERO DE CONTROL | |
| Identificador del número de control | OSt |
| 005 - FECHA Y HORA DE LA ÚLTIMA TRANSACCIÓN | |
| Fecha y hora de la última transacción | 20160926105046.0 |
| 008 - CÓDIGOS DE INFORMACIÓN DE LONGITUD FIJA | |
| Códigos de información de longitud fija | 160913b xxu||||| |||| 00| 0 eng d |
| 040 ## - FUENTE DE LA CATALOGACIÓN | |
| Centro catalogador de origen | BMC |
| Centro transcriptor | BMC |
| 082 ## - NÚMERO DE LA CLASIFICACIÓN DECIMAL DEWEY | |
| Númeroo de clasificación | 972.8425 |
| 245 00 - MENCIÓN DE TÍTULO | |
| Título | Planos urbanos |
| Resto del título | : departamento de la paz |
| 250 ## - MENCIÓN DE EDICIÓN | |
| Mención de edición | 1ª ed |
| 260 ## - PUBLICACIÓN, DISTRIBUCIÓN, ETC. (PIE DE IMPRENTA) | |
| Lugar de publicación, distribución, etc. | San Salvador (El Salvador) |
| Nombre del editor, distribuidor, etc. | Ministerio de obras Públicas; Instituto Geográfico Nacional "Ing. Pablo Arnoldo Guzmán" |
| Fecha de publicación, distribución, etc. | 1988 |
| 300 ## - DESCRIPCIÓN FÍSICA | |
| Extensión | [23] h. |
| Dimensiones | 26x42 cm |
| Otras características físicas | mapas |
| 505 ## - NOTA DE CONTENIDO CON FORMATO | |
| Nota de contenido con formato | Contiene: Planos urbanos.- Simbología.- Escudo.- |
| 651 24 - PUNTO DE ACCESO ADICIONAL DE MATERIA - NOMBRE GEOGRÁFICO | |
| 9 (RLIN) | 9307 |
| Nombre geográfico | La Paz (El Salvador) |
| Subdivisión de materia general | Descripción |
| 710 2# - PUNTO DE ACCESO ADICIONAL - NOMBRE DE ENTIDAD | |
| 9 (RLIN) | 33164 |
| Nombre de entidad o nombre de jurisdicción como elemento inicial | Ministerio de Obras Públicas, Transporte y Medio Ambiente |
| 942 ## - ENTRADA DE ELEMENTOS AGREGADOS (KOHA) | |
| Fuente de clasificaión o esquema | Dewey Decimal Classification |
| Koha [por defecto] tipo de item | 5- Mapas |
| Suprimido | Perdido | Fuente de clasificación o esquema | Estropeado | Restricciones de uso | No para préstamo | Código de colección | Localización permanente | Localización actual | Localización en estanter&íacute;as | Fecha adquisición | Fuente de adquisición | Número de inventario | Préstamos totales | Signatura completa | Código de barras | Fecha última consulta | Coste, precio reemplazado | Fecha del precio de reemplazo | Tipo de item de Koha |
|---|---|---|---|---|---|---|---|---|---|---|---|---|---|---|---|---|---|---|---|
| NULL | NULL | Dewey Decimal Classification | NULL | Prestable | NULL | NULL | Biblioteca Miguel de Cervantes - UNICAES | Biblioteca Miguel de Cervantes - UNICAES | Sala Principal | 12/08/2015 | Donación - Romeo Tovar Astorga | 032711 | 972.8425 PLA | 1038099 | 19/09/2016 | 3.00 | 19/09/2016 | 5- Mapas |